Catálogo público

Caracterización agronómica de leucaena leucocephala (Lam.) de Wit de distintas procedencias agroclimáticas de Mexico / (Record no. 220350)

MARC details
000 -CABECERA
campo de control de longitud fija 03804nam a2200337 a 4500
003 - IDENTIFICADOR DEL NÚMERO DE CONTROL
campo de control OSt
005 - FECHA Y HORA DE LA ÚLTIMA TRANSACCIÓN
campo de control 20250220091728.0
007 - CAMPO FIJO DE DESCRIPCIÓN FÍSICA--INFORMACIÓN GENERAL
campo de control de longitud fija cr ||||||a|c|a
008 - DATOS DE LONGITUD FIJA--INFORMACIÓN GENERAL
campo de control de longitud fija 250121s2020 mx a|||fom||| 001 0 spa d
040 ## - FUENTE DE LA CATALOGACIÓN
Normas de descripción rda
100 0# - ENTRADA PRINCIPAL--NOMBRE DE PERSONA
Nombre de persona Vite Cristóbal, Claudio
9 (RLIN) 120034
245 1# - MENCIÓN DE TÍTULO
Título Caracterización agronómica de leucaena leucocephala (Lam.) de Wit de distintas procedencias agroclimáticas de Mexico /
Mención de responsabilidad, etc. por Claudio Vite Cristóbal; director de tesis Pedro Arturo Martínez Hernández; asesores externos Enrique Cortés Díaz y Ponciano Pérez Hernández; lector externo José Manuel Palma García.
264 #1 - PRODUCCIÓN, PUBLICACIÓN, DISTRIBUCIÓN, FABRICACIÓN Y COPYRIGHT
Producción, publicación, distribución, fabricación y copyright Chapingo, México :
Nombre del de productor, editor, distribuidor, fabricante El autor,
Fecha de producción, publicación, distribución, fabricación o copyright 2020.
300 ## - DESCRIPCIÓN FÍSICA
Extensión 1 recurso en línea (106 páginas):
Otras características físicas cuadros, figuras.
336 ## - TIPO DE CONTENIDO
Fuente rdacontent
Término de tipo de contenido texto
Código de tipo de contenido txt
337 ## - TIPO DE MEDIO
Fuente rdamedia
Nombre/término del tipo de medio computadora
Código del tipo de medio c
338 ## - TIPO DE SOPORTE
Fuente rdacarrier
Nombre/término del tipo de soporte recurso en línea
Código del tipo de soporte cr
502 ## - NOTA DE TESIS
Tipo de título Doctorado en Ciencias en Innovación Ganadera
Nombre de la institución que otorga el título Departamento de Enseñanza, Investigación y Servicio en Zootecnia,
Año de obtención del título 2020.
Información miscelánea Doctorado
504 ## - NOTA DE BIBLIOGRAFÍA, ETC.
Nota de bibliografía, etc. Incluye referencias bibliográficas: páginas 5-7,25-34,46-47,64,88-92.
520 ## - SUMARIO, ETC.
Sumario, etc. Leucaena leucocephala (Leucaena) es una planta arbustiva, leguminosa y forrajera nativa de México distribuida en diferentes regiones agroclimáticas de este país, por lo que conviene analizar el estado del conocimiento en esta especie y caracterizar sus atributos agronómicos al variar la región agroclimatológica de procedencia; lo cual fue motivo de estudio de esta disertación doctoral. A partir del análisis de artículos científicos sobre los atributos agronómicos, ambientales y forrajeros se generó un banco de información que justifica la incorporación de esta especie en sistemas silovpastoriles tropicales encaminados a lograr la sostenibilidad ambiental y económica de empresas ganaderas, resaltando que existen oportunidades de investigación para superar limitantes agronómicas y nutricionales de la Leucanea. El estudio de la caracterización del fruto y la semilla mediante estadística multivariada determinó la relación de dependencia entre las características morfológicas de estas a partir de una colecta de 149 accesiones de diferentes regiones agroclimáticas de México, resaltando la importancia del recurso nativo mexicano para emprender programas de mejoramiento de Leucaena con fines comerciales. En plantación se determinaron modelos matemáticos que describen la dinámica del área foliar del cultivo para definir criterios de cosecha, permitiendo el desarrollo de herramientas prácticas que ayudan a la toma de decisiones en la cosecha del forraje. En campo se caracterizaron individuos de diferente origen agroclimatológico con base al rendimiento de biomasa comestible, atributos morfo-fisiológicos y calidad del forraje, sugiriendo opciones de germoplasma útiles en programas de selección de Leucaena para mejorar el rendimiento y la calidad del forraje comestible de empresas ganaderas en ambientes tropicales. En esta disertación doctoral se presenta una caracterización agronómica de gemoplasma nativo mexicano de Leucaena, generando información que permite diferenciar cualidades y limitaciones agronómicas entre individuos de diferente origen agroclimatológico.
650 #7 - PUNTO DE ACCESO ADICIONAL DE MATERIA--TÉRMINO DE MATERIA
Término de materia o nombre geográfico como elemento de entrada Leucaena leucocephala
Subdivisión general Valor nutritivo
9 (RLIN) 188695
650 #4 - PUNTO DE ACCESO ADICIONAL DE MATERIA--TÉRMINO DE MATERIA
Término de materia o nombre geográfico como elemento de entrada Leucaena leucocephala
Subdivisión general Como forraje
9 (RLIN) 125888
650 #4 - PUNTO DE ACCESO ADICIONAL DE MATERIA--TÉRMINO DE MATERIA
Término de materia o nombre geográfico como elemento de entrada Leucaena leucocephala
Subdivisión general Fisiología y morfología
9 (RLIN) 189846
650 #7 - PUNTO DE ACCESO ADICIONAL DE MATERIA--TÉRMINO DE MATERIA
Término de materia o nombre geográfico como elemento de entrada Plantas forrajeras
Subdivisión general Trópicos
9 (RLIN) 88989
700 1# - PUNTO DE ACCESO ADICIONAL--NOMBRE DE PERSONA
Nombre de persona Martínez Hernández, Pedro Arturo
Término indicativo de función/relación Director de tesis.
9 (RLIN) 72165
700 1# - PUNTO DE ACCESO ADICIONAL--NOMBRE DE PERSONA
Nombre de persona Cortés Díaz, Enrique
9 (RLIN) 28347
Término indicativo de función/relación Asesor externo.
700 1# - PUNTO DE ACCESO ADICIONAL--NOMBRE DE PERSONA
Nombre de persona Pérez Hernández, Ponciano
9 (RLIN) 89747
Término indicativo de función/relación Asesor externo.
700 1# - PUNTO DE ACCESO ADICIONAL--NOMBRE DE PERSONA
Nombre de persona Palma García, José Manuel
9 (RLIN) 189851
856 ## - LOCALIZACIÓN Y ACCESO ELECTRÓNICOS
Identificador Uniforme del Recurso http://10.13.5.2/tesis/td/2020_ZO_Vite_Cristobal_Claudio.pdf
Nota pública DESCARGAR PDF
942 ## - ELEMENTOS DE PUNTO DE ACCESO ADICIONAL (KOHA)
Fuente del sistema de clasificación o colocación Clasificación Universidad Autónoma Chapingo
Tipo de ítem Koha Tesis digital
Holdings
Estado de retiro Estado de pérdida Fuente del sistema de clasificación o colocación Estado dañado Restricciones de uso No para préstamo Código de colección Localización permanente Ubicación/localización actual Ubicación en estantería Fecha de adquisición Total de préstamos Signatura topográfica completa Fecha visto por última vez Precio válido a partir de Tipo de ítem Koha
    Clasificación Universidad Autónoma de Chapingo   Préstamo interno   Tesis digitales de Doctorado Biblioteca Digital Biblioteca Digital En línea 21/01/2025   Tesis digital 21/01/2025 21/01/2025 Tesis digital